[Event "Lone Pine"]
[Site "Lone Pine"]
[Date "1976.??.??"]
[Round "2"]
[White "Weinstein, Norman"]
[Black "De Firmian, Nick E"]
[Result "1-0"]
[WhiteElo "2430"]
[BlackElo "2200"]

1.c4 Nf6 2.Nc3 g6 3.e4 d6 4.d4 Bg7 5.Be2 O-O 6.Bg5 c5 7.dxc5 Qa5 8.Bd2 Qxc5
9.Nf3 Bg4 10.Be3 Qa5 11.O-O Nc6 12.Rc1 Rfc8 13.b3 Nd7 14.Bd2 Nc5 15.h3 Be6
16.Qc2 a6 17.Nd5 Qd8 18.Rfd1 h6 19.Be3 Qa5 20.Qb1 Bxd5 21.Rxd5 Nb4 22.Rd2 Ne6
23.a4 Rc7 24.Rdd1 Rac8 25.Ne1 Qe5 26.Nc2 Nxc2 27.Qxc2 h5 28.Rd5 Qf6 29.Bf1 Kh7
30.Rxh5+ Kg8 31.Rd5 Nf4 32.Rdd1 Ne6 33.Rd5 Nf4 34.Rdd1 Ne6 35.Be2 b5 36.a5 bxc4
37.Bxc4 Rc6 38.Qd2 Qe5 39.Bd5 Rxc1 40.Rxc1 Rxc1+ 41.Qxc1 Qc3 42.Qxc3 Bxc3
43.Bb6 Nc5 44.f3 e6 45.Bc4 Kf8 46.Kf2 Ke8 47.Ke2 Kd7 48.Kd1 Kc6 49.Kc2 Be1
50.g4 Nb7 51.Bxa6 Nxa5 52.Bd8 Kc5 53.Bg5 Bf2 54.Be2 Nc6 55.Kd2 Nd4 56.Bd1 f5
57.h4 fxg4 58.fxg4 d5 59.Be7+ Kc6 60.Kd3 dxe4+ 61.Kxe4 Kd7 62.Bf6 Nb5 63.Kf3 Bc5
64.Kf4 Ke8 65.Be2 Kf7 66.Be5 Nd4 67.Bc4 Nc6 68.Bc7 Bb4 69.Kf3 Kf6 70.g5+ Kf7
71.Bg3 Na5 72.Bf2 Bc3 73.Ke4 Nxc4 74.bxc4 Ke7 75.c5 Ba5 76.Bg3 Kd7 77.c6+  1-0

[Event "Lone Pine"]
[Site "Lone Pine"]
[Date "1976.??.??"]
[Round "6"]
[White "Blumenfeld, Rudy"]
[Black "De Firmian, Nick E"]
[Result "0-1"]
[WhiteElo "2200"]
[BlackElo "2200"]

1.e4 c5 2.Nf3 d6 3.d4 cxd4 4.Nxd4 Nf6 5.Nc3 a6 6.Bg5 e6 7.f4 Be7 8.Qf3 Qc7
9.O-O-O Nbd7 10.Bd3 b5 11.Rhe1 Bb7 12.Qg3 b4 13.Nd5 exd5 14.exd5 Kd8 15.Nf5 Bf8
16.Qe3 Qc5 17.Qd2 Rc8 18.Kb1 Kc7 19.Bh4 Nxd5 20.Bf2 Qa5 21.Bc4 Nc3+ 22.bxc3 bxc3
23.Qe3 Qxf5 24.Qxc3 Kd8 25.g4 Qb5+ 26.Bxb5 Rxc3 27.Bd4 Rf3 28.Bc4 Rxf4 29.h3 d5
30.Bb3 Bb4 31.Bxg7 Rg8 32.Bh6 Rf6 33.Bd2 Bxd2 34.Rxd2 Rd6 35.c4 d4 36.Bc2 h6
37.Red1 Bf3 38.Rxd4 Rb6+ 39.Kc1 Bxd1 40.Bf5 Ba4 41.c5 Rb7  0-1

[Event "Lone Pine"]
[Site "Lone Pine"]
[Date "1976.??.??"]
[Round "7"]
[White "Strauss, David J"]
[Black "De Firmian, Nick E"]
[Result "0-1"]
[WhiteElo "2300"]
[BlackElo "2200"]

1.e4 c5 2.Nc3 g6 3.g3 Bg7 4.Bg2 Nc6 5.d3 d6 6.Be3 e5 7.f4 Nge7 8.Nf3 O-O
9.O-O Nd4 10.Qd2 Rb8 11.Nh4 exf4 12.Bxf4 b5 13.a3 a5 14.Rae1 Qc7 15.Kh1 b4
16.axb4 cxb4 17.Nb1 Nxc2 18.Qxc2  0-1

[Event "Paul Masson op"]
[Site "?"]
[Date "1977.??.??"]
[Round "2"]
[White "Harari, Zaki"]
[Black "De Firmian, Nick E"]
[Result "1-0"]
[WhiteElo "2270"]
[BlackElo "2395"]

1.d4 Nf6 2.c4 g6 3.Nc3 Bg7 4.e4 d6 5.Nf3 O-O 6.Be2 c5 7.d5 e6 8.O-O exd5
9.cxd5 Re8 10.Qc2 Nbd7 11.h3 a6 12.a4 Rb8 13.Bf4 Qe7 14.Nd2 Ne5 15.Be3 Nh5
16.f4 Bh6 17.Bxh5 gxh5 18.Rae1 Ng6 19.e5 dxe5 20.f5 Bxe3+ 21.Rxe3 Nf8 22.Rg3+ Kh8
23.f6 Qd7 24.Nde4 Ng6 25.Qd2 Rg8 26.Qh6 Qe8 27.Ng5 Nf8 28.Nxh7  1-0

[Event "Lone Pine op"]
[Site "Lone Pine"]
[Date "1979.??.??"]
[Round "1"]
[White "Sigurjonsson, Gudmundur"]
[Black "De Firmian, Nick E"]
[Result "1/2-1/2"]
[WhiteElo "2490"]
[BlackElo "2415"]

1.e4 c5 2.Nf3 d6 3.d4 cxd4 4.Nxd4 Nf6 5.Nc3 a6 6.Be2 e5 7.Nb3 Be7 8.O-O O-O
9.Be3 Be6 10.f4 exf4 11.Rxf4 Nc6 12.Nd5 Bxd5 13.exd5 Ne5 14.Rb4 Qc8 15.a4 Re8
16.Na5 Rb8 17.Ra3 Bd8 18.Rc3 Qd7 19.Nb3 Rc8 20.Rxc8 Qxc8 21.Bf2 a5 22.Rb5 Nc4
23.Bxc4 Qxc4 24.Rxb7 Nxd5 25.Qd3 Qxd3 26.cxd3 Nb4 27.d4 Nd3 28.Nd2 Bf6 29.Ne4 Nxf2
30.Nxf6+ gxf6 31.Kxf2 Re4  1/2-1/2

[Event "Lone Pine op"]
[Site "Lone Pine"]
[Date "1979.??.??"]
[Round "2"]
[White "De Firmian, Nick E"]
[Black "Diesen, Mark C"]
[Result "1/2-1/2"]
[WhiteElo "2415"]
[BlackElo "2460"]

1.Nf3 g6 2.e4 d6 3.d4 Bg7 4.Nc3 Nf6 5.g3 O-O 6.Bg2 Nbd7 7.O-O e5 8.b3 Re8
9.Bb2 c6 10.Re1 b5 11.d5 cxd5 12.Nxd5 Bb7 13.Nxf6+ Nxf6 14.Qd3 Qb6  1/2-1/2

[Event "Lone Pine op"]
[Site "Lone Pine"]
[Date "1979.??.??"]
[Round "3"]
[White "De Firmian, Nick E"]
[Black "Christiansen, Larry Mark"]
[Result "1-0"]
[WhiteElo "2415"]
[BlackElo "2475"]

1.e4 e5 2.Nf3 Nc6 3.Bb5 a6 4.Ba4 d6 5.O-O Bd7 6.d4 Nf6 7.c3 Qe7 8.Re1 g6
9.Bb3 Bg7 10.Bd5 O-O 11.dxe5 dxe5 12.b3 Ne8 13.a4 Kh8 14.Ba3 Nd6 15.b4 Nd8
16.c4 Bg4 17.b5 axb5 18.cxb5 f5 19.Nbd2 Ne6 20.Bxb7 Rab8 21.Bd5 Nf4 22.Qb3 Qf6
23.Ra2 Rfe8 24.Rc2 Nxd5 25.Qxd5 Nxe4 26.Nxe4 fxe4 27.Rc6 Qf5 28.Qxe4 Qxe4
29.Rxe4 Bf5 30.Re1 e4 31.Ng5 Bd4 32.Bc5 Bc3 33.Re3 Ba5 34.h3 h6 35.Bd4+ Kg8
36.g4 hxg5 37.gxf5 gxf5 38.Rg6+ Kh7 39.Rxg5 f4 40.Re2 Rbd8 41.Be5 e3 42.fxe3 Rd1+
43.Kh2 fxe3 44.Reg2 Rxe5 45.Rxe5 Bb4 46.Rh5+  1-0

[Event "Lone Pine op"]
[Site "Lone Pine"]
[Date "1979.??.??"]
[Round "4"]
[White "Pachman, Ludek"]
[Black "De Firmian, Nick E"]
[Result "0-1"]
[WhiteElo "2510"]
[BlackElo "2415"]

1.d4 Nf6 2.c4 e6 3.Nf3 b6 4.e3 Bb7 5.Bd3 Bb4+ 6.Nbd2 O-O 7.O-O d5 8.b3 Nbd7
9.Bb2 Ne4 10.Rc1 c5 11.a3 Bxd2 12.Nxd2 Nxd2 13.Qxd2 dxc4 14.bxc4 Qg5 15.f4 Qe7
16.Qc2 f5 17.d5 Nf6 18.Be5 Ng4 19.d6 Qh4 20.g3 Qd8 21.Rfe1 Qd7 22.Bf1 Nf6
23.Bxf6 gxf6 24.Bg2 Bxg2 25.Qxg2 Qxd6 26.Rcd1 Qc7 27.e4 Rad8 28.exf5 exf5
29.Qh3 Rxd1 30.Rxd1 Qe7 31.Qg2 Qe3+ 32.Kf1 Re8 33.Qd5+ Kg7 34.Qd3 Kg6 35.a4 Qxd3+
36.Rxd3 Re4 37.Rd7 a5 38.Rd6 Rxc4 39.Rxb6 Rxa4 40.Rb5 c4 41.Rc5 Kf7 42.Rxf5 Ke6
43.Rh5 Ra1+ 44.Ke2 a4 45.Kd2 a3 46.Ra5 a2 47.Kc3 Rc1+ 48.Kb2 a1=R 49.Rxa1 Rxa1
50.Kxa1 Kf5 51.Kb2 Kg4 52.Kc3 Kh3 53.Kxc4 Kxh2 54.g4 Kg3 55.g5 f5  0-1

[Event "Lone Pine op"]
[Site "Lone Pine"]
[Date "1979.??.??"]
[Round "6"]
[White "De Firmian, Nick E"]
[Black "Zaltsman, Vitaly F"]
[Result "1-0"]
[WhiteElo "2415"]
[BlackElo "2470"]

1.e4 c5 2.Nf3 Nc6 3.d4 cxd4 4.Nxd4 Nf6 5.Nc3 d6 6.Bc4 e6 7.Be3 a6 8.Qe2 Na5
9.Bd3 b5 10.b4 Nc4 11.Bxc4 bxc4 12.Qxc4 Bb7 13.O-O Rc8 14.Qd3 d5 15.e5 Nd7
16.Bf4 Bxb4 17.Nce2 Be7 18.Qg3 g6 19.Bh6 Rc4 20.Rab1 Qc7 21.Rfe1 Bc8 22.Qe3 Rg8
23.Bf4 h5 24.h3 g5 25.Bh2 h4 26.Kh1 Nc5 27.f3 Na4 28.Rb3 Bc5 29.Qd3 Bf8 30.Qh7 Rg7
31.Qh8 Nc5 32.Rbb1 Nd7 33.c3 Qa5 34.f4 Qd8 35.f5 Nc5 36.Rb8 Nd7 37.Nxe6 fxe6
38.Qh5+ Rf7 39.fxe6 Qe7 40.Rxc8+ Rxc8 41.Nd4 Kd8 42.exf7 Nc5 43.e6 Ne4 44.Qh8 Rxc3
45.Nf5  1-0

[Event "Lone Pine op"]
[Site "Lone Pine"]
[Date "1979.??.??"]
[Round "8"]
[White "Ligterink, Gert"]
[Black "De Firmian, Nick E"]
[Result "1/2-1/2"]
[WhiteElo "2440"]
[BlackElo "2415"]

1.e4 c5 2.Nf3 d6 3.d4 cxd4 4.Nxd4 Nf6 5.Nc3 a6 6.Be2 e5 7.Nf3 h6 8.O-O Be6
9.a4 Nbd7 10.b3 Rc8 11.Bb2 Qa5 12.Qe1 Qb4 13.a5 Be7 14.Ra4 Qc5 15.Bc4 O-O
16.Nd2 Rfe8 17.Kh1 Bf8 18.Qe2 d5 19.exd5 Nxd5 20.Nxd5 Bxd5 21.Bxd5 Qxd5 22.Nc4 e4
23.Raa1 Re6 24.Rad1 Qc6 25.Qd2 Nf6 26.Bxf6 Rxf6 27.Qd7 Bb4 28.Qxc6 Rcxc6
29.Kg1 Rf5 30.Rd8+ Kh7 31.Rd7 Bxa5 32.Rxb7 Bc3 33.Re7 Re6 34.Rxe6 fxe6 35.Rd1 Rd5
36.Ne3 Ra5 37.Kf1 Ra2 38.Ke2 e5 39.Rd6 Ra1 40.Rd1 Ra2 41.h4 h5 42.Rd6 Ra1
43.Rd1 Ra2 44.Rd6  1/2-1/2

[Event "Lone Pine op"]
[Site "Lone Pine"]
[Date "1979.??.??"]
[Round "9"]
[White "De Firmian, Nick E"]
[Black "Benko, Pal C"]
[Result "1/2-1/2"]
[WhiteElo "2415"]
[BlackElo "2495"]

1.e4 c5 2.Nf3 e6 3.d4 cxd4 4.Nxd4 a6 5.Bd3 Nf6 6.O-O Qc7 7.c4 Bc5 8.Nc2 Nc6
9.Nc3 b6 10.a3 Ne5 11.Be2 Bb7 12.b4 Be7 13.Qd4 Rc8 14.Ne3 Ng6 15.Bb2 O-O
16.f3 Bd6 17.g3 Be5 18.Qd2 Rfd8 19.Rac1 a5 20.f4 Nxe4 21.Nxe4 Bxb2 22.Qxb2 Bxe4
23.Bh5 Ne7 24.Qd4 f5 25.Bf3 Bxf3  1/2-1/2

[Event "Baerum"]
[Site "Baerum"]
[Date "1980.??.??"]
[Round "1"]
[White "De Firmian, Nick E"]
[Black "Bellin, Jana"]
[Result "1/2-1/2"]
[WhiteElo "2430"]
[BlackElo "2220"]

1.e4 c5 2.Nf3 e6 3.d4 cxd4 4.Nxd4 a6 5.Bd3 Nc6 6.Nxc6 dxc6 7.Bf4 Ne7 8.Nd2 Ng6
9.Bg3 Bd6 10.Nc4 Bxg3 11.hxg3 b5 12.Ne3 c5 13.c3 Ne5 14.Bc2 Qxd1+ 15.Rxd1 Bb7
16.f4 Nd7 17.e5 Ke7 18.Ke2 h6 19.Rd6 Rhd8 20.Rhd1 Rac8 21.a4 c4 22.g4 Nc5  1/2-1/2

[Event "Baerum"]
[Site "Baerum"]
[Date "1980.??.??"]
[Round "3"]
[White "De Firmian, Nick E"]
[Black "Mariotti, Sergio"]
[Result "1/2-1/2"]
[WhiteElo "2430"]
[BlackElo "2500"]

1.e4 c5 2.Nf3 e6 3.d4 cxd4 4.Nxd4 a6 5.Bd3 Qc7 6.O-O Nf6 7.Nc3 h5 8.h3 Bc5
9.Be3 d6 10.Qd2 Bd7 11.Nb3 Bxe3 12.Qxe3 b5 13.Rae1 Kf8 14.f4 b4 15.Ne2 Nc6
16.Ned4 Nxd4 17.Nxd4 e5 18.Nf5 Re8 19.fxe5 Rxe5 20.Nd4 h4 21.Nf3 Re8 22.Qd4 a5
23.e5 dxe5 24.Nxe5 Rh5 25.Nxd7+ Qxd7 26.Qxd7 Nxd7 27.Rxf7+ Kxf7 28.Rxe8 Nc5
29.Be2 Rf5 30.Re3 Kf6 31.c3 Rd5 32.cxb4 axb4 33.a3 b3 34.Bc4 Rd1+ 35.Kh2 Rd2
36.Bxb3 Rxb2 37.Bd5 Rd2 38.Bf3 Ra2 39.Rc3 Na4 40.Rc6+ Kf5 41.Ra6  1/2-1/2

[Event "Baerum"]
[Site "Baerum"]
[Date "1980.??.??"]
[Round "8"]
[White "De Firmian, Nick E"]
[Black "Bjerke, Richard"]
[Result "1-0"]
[WhiteElo "2430"]
[BlackElo "2200"]

1.e4 c5 2.Nf3 Nc6 3.d4 cxd4 4.Nxd4 Nf6 5.Nc3 d6 6.Bc4 Qb6 7.Nb3 e6 8.O-O Be7
9.Be3 Qc7 10.f4 a6 11.a4 Na5 12.Nxa5 Qxa5 13.Qf3 Bd7 14.Bd3 Bc6 15.Qg3 d5
16.e5 Nh5 17.Qf2 g6 18.Ne2 Qd8 19.Nd4 Qd7 20.f5 gxf5 21.Nxf5 d4 22.Nxd4 O-O-O
23.Nxc6 Qxc6 24.Qf3 Qxf3 25.Rxf3 f5 26.Bc4 Ng7 27.Bh6 Bc5+ 28.Kh1  1-0

[Event "Baerum"]
[Site "Baerum"]
[Date "1980.??.??"]
[Round "9"]
[White "Hoen, Ragnar"]
[Black "De Firmian, Nick E"]
[Result "0-1"]
[WhiteElo "2395"]
[BlackElo "2430"]

1.e4 c5 2.Nf3 d6 3.d4 cxd4 4.Nxd4 Nf6 5.Nc3 a6 6.Bc4 e6 7.Bb3 b5 8.O-O Be7
9.a3 O-O 10.Qe2 Bb7 11.Rd1 Qc7 12.Bg5 Nc6 13.Nf3 Rac8 14.Rd2 Na5 15.Bf4 Qb8
16.Re1 Rfd8 17.Rd3 Nc4 18.Bxc4 Rxc4 19.Nd2 Rcc8 20.e5 Nd5 21.Nxd5 Bxd5 22.exd6 Bxd6
23.Bxd6 Qxd6 24.c3 Qc6 25.Rg3 Rd7 26.h4 f6 27.h5 Rcd8 28.h6 g6 29.Qe3 Bxg2
30.Qxe6+ Qxe6 31.Rxe6 Bb7 32.Rb6 Ba8 33.Nf3 Rd1+ 34.Kh2 Kf7 35.Rxa6 g5 36.Kh3 Be4
37.Kg4 R8d5 38.Nd4 Kg6 39.Re3  0-1

[Event "Gausdal Int"]
[Site "Gausdal"]
[Date "1980.??.??"]
[Round "?"]
[White "Hakki, Imad"]
[Black "De Firmian, Nick E"]
[Result "1/2-1/2"]
[WhiteElo "2255"]
[BlackElo "2430"]

1.e4 c5 2.Nf3 d6 3.d4 cxd4 4.Nxd4 Nf6 5.Nc3 a6 6.Bg5 e6 7.f4 Be7 8.Qf3 Qc7
9.O-O-O Nbd7 10.Bd3 b5 11.Rhe1 Bb7 12.Qg3 b4 13.Nd5 exd5 14.e5 dxe5 15.fxe5 Nh5
16.e6 Nxg3 17.exf7+ Kf8 18.Rxe7 Qd6 19.Ne6+ Qxe6 20.Rxe6 Nh5 21.Rde1 Nhf6
22.Bf4 g5 23.Bxg5 Kg7 24.Re7 Rhb8 25.f8=Q+ Kxf8 26.Bh6+ Kg8 27.Bf5 Nf8 28.Rg7+ Kh8
29.Ree7 Bc8 30.Rg5  1/2-1/2

[Event "Malta ol (Men)"]
[Site "La Valetta"]
[Date "1980.??.??"]
[Round "?"]
[White "Mateo, Ramon"]
[Black "De Firmian, Nick E"]
[Result "0-1"]
[WhiteElo "2200"]
[BlackElo "2430"]

1.Nf3 Nf6 2.c4 e6 3.g3 b6 4.Bg2 Bb7 5.O-O c5 6.d4 cxd4 7.Qxd4 Be7 8.Nc3 d6
9.Rd1 a6 10.e4 Nbd7 11.b3 O-O 12.Bb2 Qc7 13.Ne1 Rfe8 14.Rac1 Bf8 15.Nc2 Rac8
16.Rd2 Qb8 17.Rcd1 Qa8 18.Ba3 Nc5 19.f3 Qb8 20.Bf1 Ba8 21.Qf2 Red8 22.Ne3 b5
23.cxb5 Nxb3 24.Rc2 axb5 25.Nxb5 Rxc2 26.Qxc2 Na5 27.Qd2 Nb7 28.Bb2 Be7 29.Nd4 Nc5
30.Ba1 d5 31.e5 Nfd7 32.f4 Ne4 33.Qe2 Rc8 34.Qg4 Qb6 35.Bd3 Nc3 36.Rd2 g6
37.Nec2 Nxa2 38.Rf2 Nb4 39.Nxb4 Qxb4 40.f5 Nxe5 41.fxe6 Qe1+ 42.Rf1 Qxf1+  0-1

[Event "Malta ol (Men)"]
[Site "La Valetta"]
[Date "1980.??.??"]
[Round "?"]
[White "Norris, Alan J"]
[Black "De Firmian, Nick E"]
[Result "1/2-1/2"]
[WhiteElo "2250"]
[BlackElo "2430"]

1.e4 c5 2.Nf3 d6 3.d4 cxd4 4.Nxd4 Nf6 5.Nc3 a6 6.f4 Qc7 7.Nf3 Nbd7 8.Bd3 g6
9.O-O Bg7 10.Qe1 b5 11.e5 dxe5 12.fxe5 Ng4 13.e6 fxe6 14.Qe4 Qa7+ 15.Kh1 Ndf6
16.Qe1 O-O 17.h3 Nh6 18.Bxh6 Bxh6 19.Qh4 Kg7 20.Rae1 Bd7 21.Ne4 Qc7 22.Ne5 Rad8
23.Nxd7 Rxd7 24.Nxf6 Rxf6 25.Rxf6 exf6 26.Rxe6 Bg5 27.Qe1 Qa7 28.h4 Bf4 29.h5 Qc5
30.hxg6 Qh5+ 31.Kg1 Qh2+ 32.Kf1 Qh1+ 33.Kf2 Qxe1+ 34.Kxe1 hxg6 35.Rxa6 Be5
36.b3 b4 37.a3 bxa3 38.Rxa3 Bc3+ 39.Kf2 f5 40.Ra6 Rd5  1/2-1/2

[Event "Malta ol (Men)"]
[Site "La Valetta"]
[Date "1980.??.??"]
[Round "?"]
[White "Navarro, Roberto"]
[Black "De Firmian, Nick E"]
[Result "0-1"]
[WhiteElo "2325"]
[BlackElo "2430"]

1.e4 c5 2.Nf3 d6 3.d4 cxd4 4.Nxd4 Nf6 5.Nc3 a6 6.Bg5 e6 7.f4 Be7 8.Qf3 Qc7
9.O-O-O Nbd7 10.f5 e5 11.Nb3 b5 12.g4 b4 13.Bxf6 Nxf6 14.Ne2 Bb7 15.Ng3 Rc8
16.Bd3 d5 17.Qe2 dxe4 18.Nxe4 Nd5 19.Rhf1 O-O 20.f6 Nxf6 21.Nxf6+ Bxf6 22.Rxf6 gxf6
23.Bf5 Qc4 24.Qf2 Rcd8 25.Nd2 Qf4 26.Qxf4 exf4 27.Rf1 Rfe8 28.b3 Bg2 29.Rf2 Re1+
30.Kb2 f3 31.Nxf3 Bxf3 32.Rxf3 Rdd1  0-1

[Event "Lone Pine"]
[Site "Lone Pine"]
[Date "1980.??.??"]
[Round "1"]
[White "De Firmian, Nick E"]
[Black "Raicevic, Vladimir"]
[Result "1/2-1/2"]
[WhiteElo "2430"]
[BlackElo "2390"]

1.e4 e6 2.Nf3 d5 3.Nc3 Nf6 4.e5 Nfd7 5.d4 c5 6.dxc5 Nc6 7.Bf4 Nxc5 8.Qd2 Be7
9.O-O-O a6 10.h4 b5 11.Qe3 b4 12.Ne2 O-O 13.Ned4 Bd7 14.Bg5 Nxd4 15.Nxd4 a5
16.Kb1 a4 17.Bd3 f6 18.exf6 Bxf6 19.f4 Qb6 20.Bxf6 gxf6 21.Rh3 Rf7 22.Rg3+ Kh8
23.h5 a3 24.b3 Qd6 25.Nf3 Rc8 26.Nh4 Nxd3 27.cxd3 Be8 28.Ng6+ hxg6 29.hxg6 Rg7
30.Rh1+ Kg8 31.Rgh3 Kf8 32.Rh8+ Ke7 33.R8h7 Rxh7 34.gxh7 Qc7 35.Qd2 Bg6 36.h8=Q Rxh8
37.Rxh8 Qc5 38.Rb8 Kd7 39.Rb7+ Kd8 40.Rb8+ Kd7 41.Rb7+ Kd8 42.Rb8+  1/2-1/2

[Event "Lone Pine"]
[Site "Lone Pine"]
[Date "1980.??.??"]
[Round "3"]
[White "Michaelides, Evan"]
[Black "De Firmian, Nick E"]
[Result "1/2-1/2"]
[WhiteElo "2280"]
[BlackElo "2430"]

1.c4 Nf6 2.Nc3 g6 3.g3 Bg7 4.Bg2 O-O 5.d4 d6 6.Nf3 Nbd7 7.O-O e5 8.Qc2 c6
9.Rd1 Re8 10.b3 exd4 11.Nxd4 Qe7 12.e4 Nc5 13.f3 a5 14.Ba3 Bd7 15.Qd2 Rad8
16.Na4 Nxa4 17.bxa4 Bc8 18.Qxa5 Nd7 19.Rac1 Ne5 20.Qb6 f5 21.f4 Ng4 22.e5 Qf7
23.Bxd6 h5 24.Nf3 Kh8 25.Ng5 Qg8 26.Qxb7 Rd7 27.Qb8 Ne3 28.Rd4 Rdd8 29.Bf3 Nxc4
30.Bc5 Rxd4 31.Bxd4 Nd2 32.Bg2 Qxa2 33.Qd6 Be6 34.Bf2 Bf8 35.Qd4 Nb3 36.Qd1 Nxc1
37.Qxc1 Bd5 38.e6 Bxg2 39.Bd4+ Bg7 40.Bxg7+ Kxg7 41.Qc3+ Kh6 42.Nf7+ Kh7
43.Ng5+ Kh6 44.Nf7+ Kh7  1/2-1/2

[Event "Lone Pine"]
[Site "Lone Pine"]
[Date "1980.??.??"]
[Round "4"]
[White "De Firmian, Nick E"]
[Black "Gheorghiu, Florin"]
[Result "0-1"]
[WhiteElo "2430"]
[BlackElo "2605"]

1.e4 c5 2.Nf3 e6 3.d4 cxd4 4.Nxd4 a6 5.Bd3 Nf6 6.O-O d6 7.Nc3 Nbd7 8.f4 Qb6
9.Be3 Qxb2 10.Ncb5 axb5 11.Nxb5 Qb4 12.Nc7+ Ke7 13.Nxa8 Qa5 14.e5 Ne8 15.exd6+ Nxd6
16.c4 Qxa8 17.c5 Ne8 18.f5 f6 19.Bd4 Ne5 20.Bxe5 fxe5 21.Bc4 Qb8 22.Bxe6 Nf6
23.Qb3 Qc7 24.Kh1 Bd7 25.Bxd7 Nxd7 26.Rac1 Qc6 27.Rfd1 Ke8 28.Rc2 Be7 29.Rcd2 Nxc5
30.Qg3 Bf6 31.Rd6 Ne4 32.Qa3 Nxd6 33.Rxd6 Qd7 34.Qa4 Ke7  0-1

[Event "Lone Pine"]
[Site "Lone Pine"]
[Date "1980.??.??"]
[Round "5"]
[White "Kaufman, Larry C"]
[Black "De Firmian, Nick E"]
[Result "1/2-1/2"]
[WhiteElo "2395"]
[BlackElo "2430"]

1.d4 Nf6 2.c4 g6 3.Nc3 Bg7 4.e4 d6 5.f3 O-O 6.Be3 Nc6 7.Nge2 Re8 8.Qd2 Rb8
9.Rb1 a6 10.b4 Bd7 11.Nc1 e5 12.d5 Nd4 13.Nb3 c6 14.Nxd4 exd4 15.Bxd4 b5
16.Be2 bxc4 17.O-O cxd5 18.Nxd5 Nxd5 19.Bxg7 Kxg7 20.Qxd5 Qb6+ 21.Kh1 Be6
22.Qd2 Kg8 23.f4 c3 24.Qxc3 Bxa2 25.Rb2 Rbc8 26.Qd2 Bc4 27.f5 Rxe4 28.Bxc4 Rcxc4
29.h3 Qd4 30.Qxd4 Rexd4 31.Ra2 Rxb4 32.Rxa6 g5 33.Ra8+ Kg7 34.f6+ Kh6 35.Rf8 Rb7
36.Rg8 Rf4 37.Rxf4 gxf4 38.Kg1 Rd7 39.Kf2 d5 40.Rg4 Rd6 41.Rxf4 Kg5 42.Rg4+ Kxf6
43.Ke3 Re6+ 44.Kd4 Re5 45.Rh4 h5 46.g4 hxg4 47.hxg4 Ke6 48.Rh6+ f6 49.Kd3 Rg5
50.Rh4 Rg7 51.Ke3 Rg8 52.Kf4 Ra8 53.Rh5 Ra1 54.Rh8 Rf1+ 55.Ke3 Re1+ 56.Kf4 Re4+
57.Kf3 Ke5 58.Rh5+ Kd4 59.Rh6 Ke5 60.Rh5+ Kd6 61.Rh8 Re1 62.Rg8 Kc5 63.Rg6 d4
64.Kf2 Re6 65.g5 d3 66.gxf6 Re5  1/2-1/2

[Event "Lone Pine"]
[Site "Lone Pine"]
[Date "1980.??.??"]
[Round "6"]
[White "De Firmian, Nick E"]
[Black "Ivanovic, Bozidar"]
[Result "1/2-1/2"]
[WhiteElo "2430"]
[BlackElo "2440"]

1.e4 c5 2.Nf3 Nc6 3.d4 cxd4 4.Nxd4 Nf6 5.Nc3 e5 6.Ndb5 d6 7.Bg5 a6 8.Na3 b5
9.Nd5 Be7 10.Bxf6 Bxf6 11.c3 Bg5 12.Nc2 Rb8 13.g3 O-O 14.Bg2 a5 15.O-O b4
16.f4 Bh6 17.Nce3 bxc3 18.bxc3 Ne7 19.Kh1 Nxd5 20.Nxd5 exf4 21.gxf4 Re8 22.Qd4 Ba6
23.Rf2 Qh4 24.Rg1 Bc4 25.Nb6 Be6 26.f5 Bc8 27.Nc4 Ba6 28.Nxd6 Rbd8 29.e5 Qxd4
30.cxd4 Be3 31.Rf3 Bxg1 32.Kxg1 Re7 33.Ra3 f6 34.Rxa5 Bd3 35.Kf2 g6 36.Bh3 gxf5
37.Kf3 Kg7 38.Bxf5 fxe5 39.dxe5 Rf8 40.Ke3 Bf1 41.Kf4 Kh6 42.Rc5 Bd3 43.Rd5 Bb1
44.a4 Rd7 45.Ke3 Rxf5 46.Nxf5+ Bxf5 47.Rxd7 Bxd7 48.a5 Kg6 49.Kd4 Kf7 50.a6 Bc8
51.a7 Bb7 52.Ke3  1/2-1/2

[Event "Lone Pine"]
[Site "Lone Pine"]
[Date "1980.??.??"]
[Round "8"]
[White "De Firmian, Nick E"]
[Black "Youngworth, Perry"]
[Result "1-0"]
[WhiteElo "2430"]
[BlackElo "2290"]

1.e4 c5 2.Nf3 d6 3.d4 cxd4 4.Nxd4 Nf6 5.Nc3 a6 6.Bg5 e6 7.f4 Be7 8.Qf3 Qc7
9.O-O-O Nbd7 10.g4 b5 11.Bxf6 Nxf6 12.g5 Nd7 13.f5 Nc5 14.f6 gxf6 15.gxf6 Bf8
16.Qh5 Bd7 17.a3 Rb8 18.Rg1 b4 19.axb4 Rxb4 20.Rg7 Bc8 21.Nf5 d5 22.e5 Qxe5
23.Qxf7+ Kd8 24.Rxh7 Qf4+ 25.Kb1 Rxb2+ 26.Ka1 Rb7 27.Ne7 Qc7 28.Bb5 Rxb5
29.Nxb5 Qa5+ 30.Kb1 Qxb5+ 31.Kc1 Bh6+ 32.Rxh6 Rxh6 33.Qf8+ Kd7 34.Qxc8+ Kd6
35.Qd8+ Ke5 36.Qc7+ Ke4 37.Re1+ Kd4 38.Qf4+ Ne4 39.Qxh6 Qa4 40.Rxe4+ dxe4
41.Qd2+ Ke5 42.Qc3+ Kf4 43.Qg3+  1-0

[Event "Lone Pine"]
[Site "Lone Pine"]
[Date "1980.??.??"]
[Round "9"]
[White "Whitehead, Jay E"]
[Black "De Firmian, Nick E"]
[Result "1-0"]
[WhiteElo "2240"]
[BlackElo "2430"]

1.e4 c5 2.Nf3 d6 3.Nc3 a6 4.g3 Nc6 5.Bg2 g6 6.O-O Bg7 7.d3 e5 8.Nd5 Nge7
9.Bg5 h6 10.Bf6 O-O 11.Nxe7+ Nxe7 12.Bxg7 Kxg7 13.c3 Nc6 14.Nd2 Qe7 15.f4 f6
16.Nc4 Be6 17.Ne3 Bg8 18.h4 exf4 19.gxf4 Kh8 20.h5 Bh7 21.hxg6 Bxg6 22.Qg4 Qg7
23.Rf3 f5 24.Qh4 fxe4 25.dxe4 Bxe4 26.Rg3 Qh7 27.Bxe4 Qxe4 28.Qxh6+ Qh7 29.Qxh7+ Kxh7
30.Kg2 Rf6 31.Nf5  1-0

[Event "Manchester Benedictine"]
[Site "Manchester"]
[Date "1980.??.??"]
[Round "2"]
[White "De Firmian, Nick E"]
[Black "Hakki, Imad"]
[Result "1-0"]
[WhiteElo "2430"]
[BlackElo "2255"]

1.e4 c5 2.Nf3 d6 3.d4 cxd4 4.Nxd4 Nf6 5.Nc3 g6 6.Be3 Bg7 7.f3 O-O 8.Qd2 Nc6
9.Bc4 Bd7 10.h4 Ne5 11.Bb3 Rc8 12.O-O-O h5 13.Rdg1 Nc4 14.Bxc4 Rxc4 15.g4 e5
16.Nde2 hxg4 17.h5 gxf3 18.h6 Bh8 19.h7+ Nxh7 20.Nf4 Bg7 21.Qh2 Nf6 22.Ncd5 Re8
23.Nxf6+ Qxf6 24.Nd5  1-0

[Event "Manchester Benedictine"]
[Site "Manchester"]
[Date "1980.??.??"]
[Round "5"]
[White "Treppner, Gerd"]
[Black "De Firmian, Nick E"]
[Result "0-1"]
[WhiteElo "2205"]
[BlackElo "2430"]

1.Nf3 Nf6 2.c4 c5 3.g3 b6 4.Bg2 Bb7 5.O-O e6 6.Nc3 Be7 7.d4 cxd4 8.Qxd4 d6
9.b3 a6 10.Ba3 Nc6 11.Qf4 Qc7 12.Rfd1 Rd8 13.Rac1 Qb8 14.Ng5 O-O 15.Nge4 Ne8
16.Rd3 Ne5 17.Rd4 b5 18.cxb5 axb5 19.Bb2 Nc7 20.Rdd1 Ng6 21.Qd2 d5 22.Ng5 d4
23.Nce4 h6 24.Nh3 e5 25.Nc5 Bxg2 26.Kxg2 Nd5 27.Ng1 Bg5  0-1

[Event "Baden-Baden"]
[Site "Baden-Baden"]
[Date "1981.??.??"]
[Round "?"]
[White "De Firmian, Nick E"]
[Black "Bastian, Herbert"]
[Result "1/2-1/2"]
[WhiteElo "2405"]
[BlackElo "2320"]

1.e4 c5 2.Nf3 Nf6 3.Nc3 d5 4.exd5 Nxd5 5.Nxd5 Qxd5 6.d4 e6 7.Be3 cxd4 8.Qxd4 Qxd4
9.Nxd4 a6 10.g3 e5 11.Nb3 Nc6 12.c3 Bg4 13.Bg2 O-O-O 14.O-O Kc7 15.Rfe1 f6
16.Nd2 Be6 17.b4 b6 18.a3 Be7 19.Bf1 Ra8 20.Nc4 Rab8 21.f4 b5 22.Nd2 Rhd8
23.a4 Bf5 24.axb5 axb5 25.Ra6 Bc8 26.Raa1 Bf5 27.Nb3 Bd3 28.Bg2 e4 29.f5 Bd6
30.Bf4 Bxf4 31.gxf4 Rd5 32.Nc5 Re8 33.Rad1 Re7 34.Nxd3 Rxd3 35.Rxd3 exd3
36.Rd1 Rd7 37.Kf2 Ne7 38.Bf1 Rd5 39.Bxd3 Nxf5 40.Ke2 Nd6  1/2-1/2

[Event "Baden-Baden"]
[Site "Baden-Baden"]
[Date "1981.??.??"]
[Round "?"]
[White "De Firmian, Nick E"]
[Black "Hort, Vlastimil"]
[Result "1-0"]
[WhiteElo "2405"]
[BlackElo "2595"]

1.e4 c5 2.Nf3 e6 3.d4 cxd4 4.Nxd4 Nf6 5.Nc3 d6 6.Bc4 a6 7.Bb3 b5 8.O-O b4
9.Na4 Bb7 10.Re1 Nbd7 11.a3 Nxe4 12.Nxe6 fxe6 13.Bxe6 Ndf6 14.f3 d5 15.fxe4 dxe4
16.axb4 Bxb4 17.c3 Bd6 18.Bg5 Rf8 19.Bf5 Qe7 20.Qd4 Rd8 21.Bxe4 Bxh2+ 22.Kh1 Bxe4
23.Bxf6 Rxf6 24.Qxe4 Bd6 25.Qxh7 Rh6+ 26.Qxh6 gxh6 27.Rxe7+ Kxe7 28.Re1+ Kd7
29.Re3 Kc6 30.Kg1 h5 31.Kf1 h4 32.c4 Rf8+ 33.Ke2 Rg8  1-0

[Event "Baden-Baden"]
[Site "Baden-Baden"]
[Date "1981.??.??"]
[Round "?"]
[White "Unzicker, Wolfgang"]
[Black "De Firmian, Nick E"]
[Result "1-0"]
[WhiteElo "2505"]
[BlackElo "2405"]

1.e4 c5 2.Nf3 d6 3.d4 cxd4 4.Nxd4 Nf6 5.Nc3 a6 6.Be2 e5 7.Nb3 Be7 8.O-O O-O
9.Be3 Be6 10.f4 exf4 11.Bxf4 Nc6 12.Kh1 Rc8 13.Qe1 Ne8 14.Rd1 Bh4 15.Qd2 Bf6
16.Qe3 Ne5 17.Nd4 Qb6 18.Na4 Qa5 19.Nxe6 fxe6 20.Qb3 Kh8 21.Bd2 Qc7 22.Nb6 Rb8
23.Nc4 Nc6 24.c3 Qe7 25.Bf4 Rd8 26.Qa3 e5 27.Be3 b5 28.Qxa6 Nd4 29.cxd4 exd4
30.Bxd4 Bxd4 31.Rxf8+ Qxf8 32.Qxb5 Nc7 33.Qf5 Bf6 34.Rf1 Ne8 35.Bd3 g6 36.Qe6 Qg7
37.Bc2 Qh6 38.e5 Bg5 39.exd6 Bf4 40.h3 Ng7 41.Qf6  1-0